00921nam a2200229 a 4500001001000000005001700010008004100027020001800068041000800086044000700094050002200101245021300123260004700336300002400383504004100407650006100448651003900509651003900548651005200587700002700639700002500666BRCA_369220190320204402.0070909s2009----mx-#---###---#000-0#spa-# a9786074170177 aspa amx 4aHF3615b.M46 200910aMemorias e historias compartidasbintercambios culturales, relaciones comerciales y diplomáticas entre México y los Países Bajos, siglos XVI-XXccoordinadores Lura Pérez Rosales y Arjen van der Sluis. aMéxicobUniversidad Iberoamericanac2009 a360 p.bil.c23 cm. aIncluye referencias bibliográficas14aRelaciones internacionales y culturaxHistoriazMéxico 4aMéxicoxComerciozPaíses Bajos 4aPaíses BajosxHistoriazMéxico 4aMéxicoxRelaciones exterioreszPaíses Bajos1 aPérez Rosales, Laura1 aSluis, Arjen van der